000 00991nam a2200301Ia 4500
001 96517
003 IT-RoPAU
008 130308s9999 xx 000 0 und d
040 _aIT-RoPAU
040 _cIT-RoPAU
041 _aITALIANO
100 _aRaineri Osvaldo
100 _gCodice Aut. SPICS: 33448
245 _aCelebrazione del matrimonio nel rito etiopico
245 _bCelebrazione Cristiana del matrimonio (La)-Simboli e Testi
250 _a1a ed.
260 _aROMA
260 _bPontificio Ateneo Anselmiano
260 _c1986 [1° Ed.:1986 - Ed.Ling.Originale:1985]
300 _a"35 p. (prefazione: no ; testo: 35 [pagine: 307-341])"
500 _aRito del Fidanzamento rito del Sacramento dell'incoronazione consenso e Giuramento Unzione Benedizione degli Anelli preghiere varie rito del Sacramento del matrimonio dei Vedovi
650 _aMATRIMONIO
650 _eCodice materia Spics: 9156
942 _cBK
957 _71
999 _c63414
_d63414
999 _bSI
999 _g1